[Event "DEM U16 2005"]
[Site "Willingen GER"]
[Date "2005.05.19"]
[Round "7"]
[White "Völbel, Patrick"]
[Black "K, Torben"]
[Result "1-0"]
[Termination "normal"]
[Board "12"]
[WhiteElo "2108"]
[BlackElo "1874"]
[PlyCount "47"]
[WhiteFideId "24622583"]
[BlackFideId "24618454"]
[EventCountry "GER"]
[EventRounds "9"]
[EventType "swiss"]
[EventDate "2005.05.15"]

1. d4 Nf6 2. c4 g6 3. Nc3 Bg7 4. e4 d6 5. f3 O-O 6. Nge2 Nc6 7. Bg5 a6 8. Qd2
Rb8 9. Rc1 Qe8 10. b3 b5 11. Nd5 Rb7 12. cxb5 axb5 13. Rxc6 Nxd5 14. exd5 e6
15. Rc3 exd5 16. Re3 Be6 17. b4 h6 18. Bh4 g5 19. Bf2 f5 20. f4 Qg6 21. g3 c5
22. Bg2 h5 23. dxc5 dxc5 24. Rxe6 1-0

[Event "DEM U16 2005"]
[Site "Willingen GER"]
[Date "2005.05.19"]
[Round "7"]
[White "Rietze, Clemens"]
[Black "Braun, Konstantin"]
[Result "1/2-1/2"]
[Termination "normal"]
[Board "13"]
[WhiteElo "1879"]
[BlackElo "1662"]
[PlyCount "84"]
[WhiteFideId "24620351"]
[EventCountry "GER"]
[EventRounds "9"]
[EventType "swiss"]
[EventDate "2005.05.15"]

1. d4 Nf6 2. c4 g6 3. Nc3 d5 4. Nf3 Bg7 5. Qb3 dxc4 6. Qxc4 O-O 7. e4 a6 8. Qb3
b5 9. e5 Nfd7 10. Be3 Nb6 11. Rd1 Bb7 12. d5 N8d7 13. Bd4 Qc8 14. Bd3 c5 15.
dxc6 Qxc6 16. Be4 Qc7 17. e6 Bxd4 18. Rxd4 Nc5 19. exf7+ Rxf7 20. Qd1 Nxe4 21.
Nxe4 e5 22. Rb4 a5 23. Rxb5 Bxe4 24. Nxe5 Re7 25. Qb3+ Kh8 26. O-O Rxe5 27.
Rxb6 Bc2 28. Qg3 Re7 29. Qf3 Qxb6 30. Qxa8+ Kg7 31. h4 Be4 32. Qc8 Qc6 33. Qg4
Qe6 34. Qf4 Qf6 35. Qd2 Qf5 36. Qc3+ Qe5 37. Qd2 Qd5 38. Qc3+ Kf7 39. f3 Bf5
40. Qh8 Qe5 41. Qxh7+ Qg7 42. Qxg7+ Kxg7 1/2-1/2

[Event "DEM U16 2005"]
[Site "Willingen GER"]
[Date "2005.05.20"]
[Round "8"]
[White "Bindrich, Falko"]
[Black "Siebarth, Raiko"]
[Result "1-0"]
[Termination "normal"]
[Board "1"]
[WhiteTitle "FM"]
[WhiteElo "2339"]
[BlackElo "2216"]
[PlyCount "67"]
[WhiteFideId "4676670"]
[BlackFideId "4674766"]
[EventCountry "GER"]
[EventRounds "9"]
[EventType "swiss"]
[EventDate "2005.05.15"]

1. e4 c5 2. Nf3 Nc6 3. Nc3 Nf6 4. Bb5 d6 5. e5 Nd7 6. exd6 exd6 7. Qe2+ Be7 8.
Nd5 a6 9. Nxe7 Qxe7 10. Qxe7+ Nxe7 11. Be2 d5 12. O-O O-O 13. d4 Nc6 14. dxc5
Nxc5 15. Be3 Ne4 16. Rad1 Be6 17. Nd4 Rfd8 18. c3 Ne5 19. Bc1 Nd6 20. Rfe1 Re8
21. Bf4 Ndc4 22. b3 Ng6 23. Bg3 Nce5 24. f4 Nc6 25. Nxe6 fxe6 26. c4 Rad8 27.
Rd2 dxc4 28. Rxd8 Nxd8 29. Bxc4 b5 30. Bd3 Ne7 31. a4 bxa4 32. bxa4 a5 33. f5
exf5 34. Bb5 1-0

[Event "DEM U16 2005"]
[Site "Willingen GER"]
[Date "2005.05.20"]
[Round "8"]
[White "Tereick, Benjamin"]
[Black "Figura, Atila Gajo"]
[Result "1-0"]
[Termination "normal"]
[Board "2"]
[WhiteElo "2172"]
[BlackElo "2193"]
[PlyCount "123"]
[WhiteFideId "24607541"]
[BlackFideId "4688058"]
[EventCountry "GER"]
[EventRounds "9"]
[EventType "swiss"]
[EventDate "2005.05.15"]

1. c4 Nf6 2. Nc3 d5 3. cxd5 Nxd5 4. Nf3 g6 5. e4 Nxc3 6. dxc3 Qxd1+ 7. Kxd1 f6
8. Be3 e5 9. Nd2 Be6 10. Bc4 Kf7 11. Kc2 a5 12. f4 Nc6 13. a4 Rd8 14. Bxe6+
Kxe6 15. Nc4 Bd6 16. g3 h5 17. Rad1 h4 18. fxe5 Bxe5 19. Rxd8 Nxd8 20. Nxe5
fxe5 21. gxh4 Rxh4 22. Bg5 Rh8 23. h4 Rf8 24. Rd1 Nc6 25. Kd3 Nb8 26. Ke3 Na6
27. Bh6 Rh8 28. Bg5 Rf8 29. Bh6 Rh8 30. Bg5 Nc5 31. Rf1 Rg8 32. Rf6+ Kd7 33.
Rf7+ Kc8 34. Bf6 Nd7 35. Be7 Nb6 36. b3 Kd7 37. Ba3+ Kc6 38. Re7 Rh8 39. Rxe5
Rxh4 40. Re6+ Kd7 41. Rxg6 Rh1 42. Rg2 Re1+ 43. Re2 Rxe2+ 44. Kxe2 Ke6 45. Ke3
Nd7 46. Kd4 c6 47. c4 Ne5 48. c5 Nf3+ 49. Ke3 Ne1 50. Bb2 Nc2+ 51. Kd3 Nb4+ 52.
Kc4 Na2 53. Bc3 Nc1 54. Bxa5 Ke5 55. b4 Kxe4 56. b5 Ke5 57. bxc6 bxc6 58. Bc3+
Ke6 59. a5 Kd7 60. a6 Kc8 61. Be5 Ne2 62. Kb4 1-0

[Event "DEM U16 2005"]
[Site "Willingen GER"]
[Date "2005.05.20"]
[Round "8"]
[White "Rehberg, Raphael"]
[Black "Beck, Frederik"]
[Result "1-0"]
[Termination "normal"]
[Board "3"]
[WhiteElo "2189"]
[BlackElo "2212"]
[PlyCount "107"]
[WhiteFideId "4686799"]
[BlackFideId "4687388"]
[EventCountry "GER"]
[EventRounds "9"]
[EventType "swiss"]
[EventDate "2005.05.15"]

1. e4 c5 2. Nf3 e6 3. d4 cxd4 4. Nxd4 Nc6 5. Nxc6 bxc6 6. Bd3 Nf6 7. O-O d5 8.
Nd2 Qb6 9. Qe2 a5 10. c4 Ba6 11. b3 Be7 12. e5 Nd7 13. Qg4 g6 14. Nf3 a4 15.
Rb1 axb3 16. axb3 Qc7 17. Re1 Rb8 18. Bg5 Bb4 19. Red1 Qb6 20. h4 h5 21. Qf4
Bc5 22. Rd2 Bf8 23. Nd4 Bg7 24. Re1 O-O 25. Bh6 c5 26. Bxg7 Kxg7 27. Nf3 Qxb3
28. g4 hxg4 29. Qxg4 Rb4 30. h5 Rxc4 31. Bxc4 Qxc4 32. Qg5 Qc3 33. Nh4 Bd3 34.
Red1 Qxe5 35. Qxe5+ Nxe5 36. f4 c4 37. fxe5 gxh5 38. Rg2+ Kh6 39. Nf3 f6 40.
exf6 Rxf6 41. Ne5 Bf5 42. Rg8 c3 43. Rc8 c2 44. Rf1 Kg5 45. Rg8+ Kh6 46. Rg2
Rf8 47. Rxc2 Rg8+ 48. Rg2 Rc8 49. Nf7+ Kh7 50. Nd6 Rf8 51. Nxf5 exf5 52. Rg5 d4
53. Rfxf5 Rxf5 54. Rxf5 1-0

[Event "DEM U16 2005"]
[Site "Willingen GER"]
[Date "2005.05.20"]
[Round "8"]
[White "Lubbe, Nikolas"]
[Black "Abel, Dennes"]
[Result "0-1"]
[Termination "normal"]
[Board "4"]
[WhiteElo "2205"]
[BlackElo "2177"]
[PlyCount "92"]
[WhiteFideId "4694031"]
[BlackFideId "24605417"]
[EventCountry "GER"]
[EventRounds "9"]
[EventType "swiss"]
[EventDate "2005.05.15"]

1. e4 c5 2. Nf3 e6 3. d4 cxd4 4. Nxd4 Nc6 5. Nc3 Nf6 6. Nxc6 bxc6 7. e5 Nd5 8.
Ne4 Qc7 9. f4 Qb6 10. c4 Ne3 11. Qd3 Bb4+ 12. Bd2 Ba6 13. b3 O-O 14. Ng5 Bxd2+
15. Kxd2 Nf5 16. Ne4 Rad8 17. Be2 d5 18. exd6 Nxd6 19. Nxd6 Qc5 20. Kc2 Rxd6
21. Qf3 Qa5 22. Bd3 Rfd8 23. Rhd1 g6 24. Qe2 c5 25. g4 Rd4 26. f5 Bc8 27. fxg6
hxg6 28. h3 Bb7 29. a3 Qc7 30. Kb2 e5 31. Bc2 e4 32. Qe3 Qe5 33. Qc3 R8d6 34.
b4 a5 35. b5 Qe6 36. a4 e3 37. Rxd4 Rxd4 38. Re1 e2 39. Bd3 Bf3 40. Bc2 Bg2 41.
Bd3 Bf3 42. Bc2 Rd1 43. Bxd1 exd1=N+ 44. Rxd1 Bxd1 45. Qxa5 Qe2+ 46. Ka3 Qc2
0-1

[Event "DEM U16 2005"]
[Site "Willingen GER"]
[Date "2005.05.20"]
[Round "8"]
[White "Pilat, Daniel"]
[Black "Lieder, Konrad"]
[Result "1/2-1/2"]
[Termination "normal"]
[Board "5"]
[WhiteElo "2146"]
[BlackElo "2058"]
[PlyCount "70"]
[WhiteFideId "24602116"]
[BlackFideId "4692721"]
[EventCountry "GER"]
[EventRounds "9"]
[EventType "swiss"]
[EventDate "2005.05.15"]

1. e4 c6 2. d4 d5 3. f3 Nf6 4. e5 Nfd7 5. f4 e6 6. Nc3 c5 7. Nf3 Nc6 8. Be3
cxd4 9. Nxd4 Bc5 10. Qd2 a6 11. g3 h5 12. Nce2 Qc7 13. Bg2 b5 14. Nxc6 Qxc6 15.
Bxc5 Qxc5 16. Nd4 g6 17. O-O Bb7 18. Qf2 Nb6 19. b3 b4 20. a3 bxa3 21. Ra2 O-O
22. Rfa1 Rfc8 23. Rxa3 a5 24. Bf1 a4 25. bxa4 Ba6 26. Bd3 Nc4 27. R3a2 Rc7 28.
Nb3 Qb4 29. Qd4 Bc8 30. a5 Ba6 31. Kf2 Qe7 32. Ke2 Kg7 33. Nd2 Rb8 34. Ra4 Bb5
35. R4a2 Ba6 1/2-1/2

[Event "DEM U16 2005"]
[Site "Willingen GER"]
[Date "2005.05.20"]
[Round "8"]
[White "Baldauf, Marco"]
[Black "Billing, Christian"]
[Result "0-1"]
[Termination "normal"]
[Board "6"]
[WhiteElo "2134"]
[BlackElo "2013"]
[PlyCount "60"]
[WhiteFideId "4688210"]
[BlackFideId "4697294"]
[EventCountry "GER"]
[EventRounds "9"]
[EventType "swiss"]
[EventDate "2005.05.15"]

1. e4 d5 2. exd5 Qxd5 3. Nc3 Qa5 4. d4 c6 5. Bc4 Bf5 6. Nge2 Nf6 7. Bd2 e6 8.
Ng3 Bg6 9. h4 h6 10. Nd5 Qd8 11. Nf4 Bh7 12. Qe2 Nd5 13. O-O-O Nxf4 14. Bxf4
Bd6 15. Nh5 Bxf4+ 16. Nxf4 O-O 17. g4 Nd7 18. Rhg1 Qxh4 19. Bd3 Qg5 20. Bxh7+
Kxh7 21. Qe4+ f5 22. Qf3 e5 23. dxe5 Nxe5 24. Qe3 fxg4 25. Nd3 Nxd3+ 26. Rxd3
Qxe3+ 27. fxe3 h5 28. Rd7 b6 29. e4 Rfe8 30. Rf1 Rxe4 0-1

[Event "DEM U16 2005"]
[Site "Willingen GER"]
[Date "2005.05.20"]
[Round "8"]
[White "Alsheimer, Christoph"]
[Black "Sohl, Jan"]
[Result "1/2-1/2"]
[Termination "normal"]
[Board "8"]
[WhiteElo "2031"]
[BlackElo "2121"]
[PlyCount "41"]
[WhiteFideId "24605433"]
[BlackFideId "4698070"]
[EventCountry "GER"]
[EventRounds "9"]
[EventType "swiss"]
[EventDate "2005.05.15"]

1. e4 c5 2. Nf3 d6 3. Bb5+ Bd7 4. Bxd7+ Qxd7 5. c4 Nc6 6. d4 cxd4 7. Nxd4 g6 8.
O-O Bg7 9. Be3 Nf6 10. f3 O-O 11. Nc3 Rac8 12. Nde2 a6 13. a4 Qd8 14. b3 Nd7
15. Rb1 Nb4 16. Qd2 Nc5 17. Rfd1 Qe8 18. Nd4 Nc6 19. Nde2 Nb4 20. Bg5 Ne6 21.
Be3 1/2-1/2

[Event "DEM U16 2005"]
[Site "Willingen GER"]
[Date "2005.05.20"]
[Round "8"]
[White "Böttger, Lukas"]
[Black "Schneider, David"]
[Result "1-0"]
[Termination "normal"]
[Board "9"]
[WhiteElo "2062"]
[BlackElo "2144"]
[PlyCount "85"]
[WhiteFideId "24620068"]
[BlackFideId "4697111"]
[EventCountry "GER"]
[EventRounds "9"]
[EventType "swiss"]
[EventDate "2005.05.15"]

1. e4 c5 2. Nf3 e6 3. d4 cxd4 4. Nxd4 a6 5. Nc3 b5 6. Bd3 Qb6 7. Nb3 Qc7 8. O-O
Bb7 9. Qe2 Nf6 10. f4 Be7 11. Bd2 d6 12. e5 dxe5 13. fxe5 Nd5 14. Qg4 g6 15.
Bg5 Nxc3 16. bxc3 Nc6 17. Bxe7 Qxe7 18. Rae1 O-O-O 19. a4 b4 20. cxb4 Nxb4 21.
Be4 Nd5 22. c4 Nb6 23. Bxb7+ Kxb7 24. Qe4+ Ka7 25. a5 Nd7 26. Qe3+ Ka8 27. Rd1
Rc8 28. Rd6 Nb8 29. Qe4+ Qb7 30. Qxb7+ Kxb7 31. Rxf7+ Ka8 32. c5 Rc6 33. Re7
Rxd6 34. exd6 Nc6 35. Rc7 Ne5 36. c6 Rd8 37. d7 Nxd7 38. Rxd7 Rb8 39. c7 Rc8
40. Nc5 e5 41. Rd8 Ka7 42. Rxc8 e4 43. Rb8 1-0

[Event "DEM U16 2005"]
[Site "Willingen GER"]
[Date "2005.05.20"]
[Round "8"]
[White "Völbel, Patrick"]
[Black "Friedrich, Paul-Robert"]
[Result "1-0"]
[Termination "normal"]
[Board "10"]
[WhiteElo "2108"]
[BlackElo "1956"]
[PlyCount "71"]
[WhiteFideId "24622583"]
[BlackFideId "24616036"]
[EventCountry "GER"]
[EventRounds "9"]
[EventType "swiss"]
[EventDate "2005.05.15"]

1. d4 Nf6 2. c4 g6 3. Nc3 Bg7 4. e4 d6 5. f3 O-O 6. Bg5 c5 7. d5 Na6 8. Bd3 Nc7
9. Nge2 Rb8 10. O-O a6 11. a4 b6 12. f4 Qe8 13. Qd2 b5 14. axb5 axb5 15. cxb5
Bd7 16. Ra7 Nxb5 17. Bxb5 Bxb5 18. e5 Nd7 19. Nxb5 Rxb5 20. Nc3 Rb4 21. exd6
Bd4+ 22. Kh1 exd6 23. Re1 Rxb2 24. Qc1 Rc2 25. Qb1 Qb8 26. Rb7 Qc8 27. Ne4 Re8
28. Nxd6 Rxe1+ 29. Qxe1 Qa8 30. Rxd7 Re2 31. Qf1 Rf2 32. Qa6 Qxa6 33. Rd8+ Kg7
34. Ne8+ Kf8 35. Nf6+ Kg7 36. Rg8# 1-0

[Event "DEM U16 2005"]
[Site "Willingen GER"]
[Date "2005.05.20"]
[Round "8"]
[White "Ebert, Manuel"]
[Black "Kühn, Martin"]
[Result "1-0"]
[Termination "normal"]
[Board "11"]
[WhiteElo "2064"]
[BlackElo "1758"]
[PlyCount "97"]
[WhiteFideId "24621102"]
[EventCountry "GER"]
[EventRounds "9"]
[EventType "swiss"]
[EventDate "2005.05.15"]

1. e4 e6 2. d4 d5 3. Nc3 Bb4 4. e5 c5 5. a3 Bxc3+ 6. bxc3 Ne7 7. Nf3 b6 8. Bb5+
Bd7 9. Bd3 c4 10. Be2 Ba4 11. O-O Nd7 12. Re1 h6 13. Bf1 Qc7 14. g3 O-O-O 15.
Rb1 Rhg8 16. Bg2 g5 17. Be3 Nf5 18. Nd2 Nf8 19. h3 Qe7 20. Rb4 b5 21. Nf1 a5
22. Rb1 Qxa3 23. Qd2 Qe7 24. Ra1 h5 25. Reb1 g4 26. h4 Nxe3 27. Nxe3 Nd7 28.
Nd1 Nb6 29. Nb2 Qd7 30. Qe2 Kc7 31. Kh2 Rg6 32. Qd2 Rf8 33. Qc1 f5 34. Qd2 Qf7
35. Nxa4 bxa4 36. Rb5 Qd7 37. Rab1 Rb8 38. Qc1 Rgg8 39. Qb2 Qc6 40. Rc5 Qxc5
41. dxc5 Nd7 42. Qa2 Nxc5 43. Rxb8 Rxb8 44. f3 Kc6 45. fxg4 fxg4 46. Qxc4 Rb2
47. Qd4 Rxc2 48. c4 Rxc4 49. Qxc4 1-0

[Event "DEM U16 2005"]
[Site "Willingen GER"]
[Date "2005.05.20"]
[Round "8"]
[White "K, Torben"]
[Black "Held, Florian"]
[Result "1-0"]
[Termination "normal"]
[Board "12"]
[WhiteElo "1874"]
[BlackElo "1980"]
[PlyCount "157"]
[WhiteFideId "24618454"]
[BlackFideId "24629090"]
[EventCountry "GER"]
[EventRounds "9"]
[EventType "swiss"]
[EventDate "2005.05.15"]

1. e4 c5 2. Nf3 e6 3. d4 cxd4 4. Nxd4 a6 5. Nc3 b5 6. Bd3 Qb6 7. Nb3 Qc7 8. O-O
Nf6 9. Bd2 Bb7 10. Qe2 b4 11. Nd1 d5 12. exd5 Nxd5 13. Be4 Bd6 14. h3 Nd7 15.
c4 bxc3 16. Nxc3 N7f6 17. Nxd5 Nxd5 18. Rac1 Qe7 19. Na5 O-O 20. Nxb7 Qxb7 21.
b3 Rae8 22. Bd3 a5 23. Be4 Qb6 24. Qd3 Rd8 25. Bxh7+ Kh8 26. Be4 Nf6 27. Qe2
Qd4 28. Rc4 Qe5 29. g3 Nxe4 30. Rxe4 Qd5 31. Rh4+ Kg8 32. Qh5 Qxh5 33. Rxh5 Bb4
34. Bxb4 axb4 35. Rh4 Rd2 36. Rxb4 Rxa2 37. Rb1 Rc8 38. Rf4 g5 39. Rf3 Ra3 40.
Kg2 Rb8 41. b4 Ra6 42. b5 Rab6 43. Rfb3 Kf8 44. h4 gxh4 45. gxh4 Kg7 46. Kg3
Kg6 47. Rb4 f5 48. Kf4 Kf6 49. Ke3 Ke5 50. h5 Rh8 51. Rh1 Rh6 52. Rbb1 f4+ 53.
Kd3 Kd5 54. f3 e5 55. Rh2 Rb8 56. b6 Rbxb6 57. Rxb6 Rxb6 58. h6 Rb3+ 59. Kc2
Ra3 60. Kb2 Ra8 61. h7 Rh8 62. Kc3 e4 63. Rh5+ Ke6 64. fxe4 Kf6 65. Rh4 Kg6 66.
Rxf4 Rxh7 67. Kd4 Rh1 68. e5 Rd1+ 69. Kc5 Rc1+ 70. Kd6 Rg1 71. Rc4 Kf7 72. e6+
Kf6 73. Rc6 Re1 74. Kd7 Rd1+ 75. Ke8 Rh1 76. e7+ Ke5 77. Rg6 Kf5 78. Kf7 Rh7+
79. Rg7 1-0

[Event "DEM U16 2005"]
[Site "Willingen GER"]
[Date "2005.05.20"]
[Round "8"]
[White "Isakson, Alex"]
[Black "Rietze, Clemens"]
[Result "0-1"]
[Termination "normal"]
[Board "13"]
[WhiteElo "1582"]
[BlackElo "1879"]
[PlyCount "62"]
[WhiteFideId "24637351"]
[BlackFideId "24620351"]
[EventCountry "GER"]
[EventRounds "9"]
[EventType "swiss"]
[EventDate "2005.05.15"]

1. e4 c5 2. Nf3 Nc6 3. d4 cxd4 4. Nxd4 Nf6 5. Nc3 e5 6. Ndb5 d6 7. Bg5 a6 8.
Na3 b5 9. Bxf6 gxf6 10. Nd5 f5 11. c3 Bg7 12. Bd3 Be6 13. O-O Bxd5 14. exd5 Ne7
15. Qh5 e4 16. Bc2 Qd7 17. Bb3 a5 18. Rad1 O-O 19. Qe2 Rab8 20. Qd2 Ng6 21. Bc2
Rfc8 22. Rc1 b4 23. Nb1 bxc3 24. bxc3 Rb2 25. a3 f4 26. Ba4 Qb7 27. Bc6 Qb6 28.
Qe1 e3 29. fxe3 fxe3 30. Kh1 e2 31. Rf2 Bh6 0-1

[Event "DEM U16 2005"]
[Site "Willingen GER"]
[Date "2005.05.20"]
[Round "8"]
[White "Glantz, Robert"]
[Black "Braun, Konstantin"]
[Result "1-0"]
[Termination "normal"]
[Board "14"]
[WhiteElo "1731"]
[BlackElo "1662"]
[PlyCount "83"]
[WhiteFideId "24629596"]
[EventCountry "GER"]
[EventRounds "9"]
[EventType "swiss"]
[EventDate "2005.05.15"]

1. e4 c5 2. Nf3 e6 3. d4 cxd4 4. Nxd4 a6 5. Bd3 Bc5 6. Nb3 Ba7 7. O-O Nc6 8.
Qe2 Nge7 9. Be3 Qc7 10. c4 d6 11. Nc3 Bxe3 12. Qxe3 b6 13. Rfd1 Bb7 14. Rac1
O-O 15. Nd5 exd5 16. cxd5 b5 17. dxc6 Nxc6 18. Nd4 Qd7 19. Nf5 Ne7 20. Ng3 Qe6
21. Bb1 Rac8 22. Rxc8 Rxc8 23. Qd3 Rd8 24. Ne2 Ng6 25. f4 Qd7 26. g3 d5 27. e5
Qh3 28. Nd4 h5 29. e6 Ne7 30. exf7+ Kxf7 31. Nf3 Qc8 32. Nd4 g6 33. b3 Qc5 34.
Kg2 Rc8 35. Qe3 Qd6 36. Kf2 Qf6 37. Nf3 Qb2+ 38. Kf1 Nf5 39. Ng5+ Kf8 40. Bxf5
gxf5 41. Re1 Qa3 42. Qe6 1-0

[Event "DEM U16 2005"]
[Site "Willingen GER"]
[Date "2005.05.21"]
[Round "9"]
[White "Dinger, Florian"]
[Black "Bindrich, Falko"]
[Result "1/2-1/2"]
[Termination "normal"]
[Board "1"]
[BlackTitle "FM"]
[WhiteElo "2099"]
[BlackElo "2339"]
[PlyCount "73"]
[WhiteFideId "24605573"]
[BlackFideId "4676670"]
[EventCountry "GER"]
[EventRounds "9"]
[EventType "swiss"]
[EventDate "2005.05.15"]

1. b3 e5 2. Bb2 Nc6 3. c4 g6 4. g3 Bg7 5. Bg2 Nge7 6. Nc3 O-O 7. e3 d6 8. Nge2
Be6 9. O-O Qd7 10. d3 Bh3 11. Nd5 Bxg2 12. Kxg2 Nxd5 13. cxd5 Ne7 14. e4 c6 15.
dxc6 Nxc6 16. Qd2 d5 17. Rad1 Rfd8 18. Qe1 Rac8 19. Nc3 d4 20. Nd5 Ne7 21.
Nxe7+ Qxe7 22. Qd2 h5 23. Rc1 Kh7 24. f4 Bh6 25. Rxc8 Rxc8 26. Qf2 Kg8 27. Rc1
Rxc1 28. Bxc1 Qc7 29. Bb2 h4 30. fxe5 Be3 31. Qe2 hxg3 32. hxg3 Qe7 33. Qc2
Qxe5 34. Qc8+ Kg7 35. Ba3 Qf6 36. Bb4 a6 37. Be1 1/2-1/2

[Event "DEM U16 2005"]
[Site "Willingen GER"]
[Date "2005.05.21"]
[Round "9"]
[White "Abel, Dennes"]
[Black "Tereick, Benjamin"]
[Result "1/2-1/2"]
[Termination "normal"]
[Board "2"]
[WhiteElo "2177"]
[BlackElo "2172"]
[PlyCount "27"]
[WhiteFideId "24605417"]
[BlackFideId "24607541"]
[EventCountry "GER"]
[EventRounds "9"]
[EventType "swiss"]
[EventDate "2005.05.15"]

1. e4 e6 2. d4 d5 3. Nc3 Nf6 4. e5 Nfd7 5. f4 c5 6. Nf3 Qb6 7. Na4 Qc6 8. Nxc5
Nxc5 9. dxc5 Bxc5 10. Bd3 Qb6 11. c3 a5 12. Qb3 Nc6 13. Qxb6 Bxb6 14. Ke2
1/2-1/2

[Event "DEM U16 2005"]
[Site "Willingen GER"]
[Date "2005.05.21"]
[Round "9"]
[White "Billing, Christian"]
[Black "Rehberg, Raphael"]
[Result "0-1"]
[Termination "normal"]
[Board "3"]
[WhiteElo "2013"]
[BlackElo "2189"]
[PlyCount "124"]
[WhiteFideId "4697294"]
[BlackFideId "4686799"]
[EventCountry "GER"]
[EventRounds "9"]
[EventType "swiss"]
[EventDate "2005.05.15"]

1. e4 c5 2. d3 Nc6 3. g3 g6 4. Bg2 Bg7 5. Nc3 d6 6. Be3 e5 7. Qd2 Nge7 8. Bh6
Bxh6 9. Qxh6 Nd4 10. Qd2 Be6 11. Nd1 O-O 12. c3 Ndc6 13. c4 Nd4 14. Ne2 Nxe2
15. Qxe2 Nc6 16. O-O Nd4 17. Qd2 Rb8 18. Ne3 b5 19. b3 a5 20. Nc2 Nxc2 21. Qxc2
a4 22. Rfb1 Qa5 23. Bf3 Ra8 24. Qc1 axb3 25. axb3 Qb4 26. Rxa8 Rxa8 27. Qb2 Ra3
28. Kg2 Ra8 29. h4 h5 30. Qc1 Ra2 31. Bxh5 Qd2 32. Qxd2 Rxd2 33. Bf3 b4 34. Bd1
Rxd3 35. g4 Rd4 36. Bf3 f5 37. gxf5 gxf5 38. Re1 Rd3 39. Re3 Rc3 40. exf5 Bxf5
41. Bd1 Rc1 42. Bf3 Rb1 43. Bc6 Bc2 44. Ba4 Ra1 45. Re2 Bd3 46. Rd2 e4 47. Kg3
Kf8 48. Kf4 Ke7 49. Bc6 Rb1 50. Bxe4 Bxe4 51. Kxe4 Rxb3 52. Rd3 Rb1 53. Kf5 Rc1
54. h5 Rxc4 55. h6 Rh4 56. Kg6 c4 57. Re3+ Kd7 58. h7 Rxh7 59. Re4 d5 60. Rd4
Kd6 61. Kxh7 b3 62. Rd2 c3 0-1

[Event "DEM U16 2005"]
[Site "Willingen GER"]
[Date "2005.05.21"]
[Round "9"]
[White "Figura, Atila Gajo"]
[Black "Lieder, Konrad"]
[Result "1/2-1/2"]
[Termination "normal"]
[Board "4"]
[WhiteElo "2193"]
[BlackElo "2058"]
[PlyCount "69"]
[WhiteFideId "4688058"]
[BlackFideId "4692721"]
[EventCountry "GER"]
[EventRounds "9"]
[EventType "swiss"]
[EventDate "2005.05.15"]

1. d4 d5 2. c4 c6 3. Nc3 Nf6 4. e3 a6 5. Qc2 b5 6. b3 e6 7. Nf3 Nbd7 8. Bd3 Bb7
9. O-O Rc8 10. c5 Be7 11. b4 a5 12. a4 axb4 13. Na2 e5 14. dxe5 b3 15. Qxb3
Nxc5 16. Qc2 Nfe4 17. axb5 Nxd3 18. Qxd3 c5 19. Nc3 O-O 20. Rd1 Qb6 21. Bd2
Nxc3 22. Bxc3 Ra8 23. Nd2 Rfb8 24. Rab1 Ra3 25. Qc2 Rba8 26. Nf1 R3a4 27. Ng3
Rc4 28. Qb3 Rca4 29. Nh5 Ra2 30. Rb2 Ra1 31. Rdb1 d4 32. exd4 R8a3 33. Qc2
Rxb1+ 34. Rxb1 Rxc3 35. Nf6+ 1/2-1/2

[Event "DEM U16 2005"]
[Site "Willingen GER"]
[Date "2005.05.21"]
[Round "9"]
[White "Beck, Frederik"]
[Black "Pilat, Daniel"]
[Result "1/2-1/2"]
[Termination "normal"]
[Board "5"]
[WhiteElo "2212"]
[BlackElo "2146"]
[PlyCount "47"]
[WhiteFideId "4687388"]
[BlackFideId "24602116"]
[EventCountry "GER"]
[EventRounds "9"]
[EventType "swiss"]
[EventDate "2005.05.15"]

1. e4 c5 2. Nf3 a6 3. c4 d6 4. d4 Bg4 5. dxc5 Bxf3 6. Qxf3 dxc5 7. Nc3 Nc6 8.
Be3 e6 9. Qg3 Nd4 10. Bd3 Ne7 11. O-O Nec6 12. Rad1 h5 13. f4 h4 14. Qf2 h3 15.
g3 Qd7 16. a3 O-O-O 17. Bb1 Qc7 18. Kh1 Be7 19. b4 b6 20. b5 axb5 21. cxb5 Na5
22. a4 Nc4 23. Bc1 Qb7 24. Kg1 1/2-1/2

[Event "DEM U16 2005"]
[Site "Willingen GER"]
[Date "2005.05.21"]
[Round "9"]
[White "Siebarth, Raiko"]
[Black "Lubbe, Nikolas"]
[Result "0-1"]
[Termination "normal"]
[Board "6"]
[WhiteElo "2216"]
[BlackElo "2205"]
[PlyCount "44"]
[WhiteFideId "4674766"]
[BlackFideId "4694031"]
[EventCountry "GER"]
[EventRounds "9"]
[EventType "swiss"]
[EventDate "2005.05.15"]

1. Nc3 d5 2. e4 e6 3. d4 Nf6 4. e5 Nfd7 5. f4 c5 6. Nf3 Nc6 7. Be3 cxd4 8. Nxd4
Bc5 9. Qd2 O-O 10. Nce2 Qb6 11. c3 f6 12. exf6 Nxf6 13. Ng3 Ng4 14. Bg1 e5 15.
fxe5 Ngxe5 16. O-O-O Bg4 17. Re1 Rxf1 18. Rxf1 Nc4 19. Qc2 Bxd4 20. Bxd4 Nxd4
21. cxd4 Rc8 22. Kb1 Na3+ 0-1

[Event "DEM U16 2005"]
[Site "Willingen GER"]
[Date "2005.05.21"]
[Round "9"]
[White "Alsheimer, Christoph"]
[Black "Baldauf, Marco"]
[Result "1-0"]
[Termination "normal"]
[Board "7"]
[WhiteElo "2031"]
[BlackElo "2134"]
[PlyCount "107"]
[WhiteFideId "24605433"]
[BlackFideId "4688210"]
[EventCountry "GER"]
[EventRounds "9"]
[EventType "swiss"]
[EventDate "2005.05.15"]

1. d4 Nf6 2. Nf3 c5 3. e3 e6 4. Bd3 b6 5. Qe2 Bb7 6. Nbd2 Be7 7. O-O O-O 8. c3
cxd4 9. exd4 d6 10. Ng5 h6 11. Nge4 Nd5 12. Nf3 Nd7 13. a3 Rc8 14. c4 N5f6 15.
Ng3 Re8 16. b4 Bf8 17. Bb2 Rc7 18. Nd2 e5 19. dxe5 Nxe5 20. Bxe5 dxe5 21. Nde4
Nxe4 22. Bxe4 Bxe4 23. Nxe4 Qc8 24. Rfc1 f5 25. Nd2 g6 26. Nb3 Kh7 27. Rc2 Qe6
28. Rb1 Rec8 29. Nd2 e4 30. h3 Bd6 31. Qe3 Qe5 32. g3 h5 33. c5 Bf8 34. Nf3 Qe7
35. Ng5+ Kh8 36. Rbc1 bxc5 37. bxc5 Rxc5 38. Rxc5 Rxc5 39. Qd4+ Kg8 40. Rxc5
Qxc5 41. Qf6 Qe7 42. Qxg6+ Bg7 43. Qh7+ Kf8 44. Qxf5+ Kg8 45. Qh7+ Kf8 46. Qxh5
Bd4 47. Qg4 Bxf2+ 48. Kxf2 Qc5+ 49. Ke2 Qc2+ 50. Ke3 Qd3+ 51. Kf4 Qd2+ 52. Kxe4
Qc2+ 53. Ke5 Qc3+ 54. Qd4 1-0

[Event "DEM U16 2005"]
[Site "Willingen GER"]
[Date "2005.05.21"]
[Round "9"]
[White "Sohl, Jan"]
[Black "Böttger, Lukas"]
[Result "0-1"]
[Termination "normal"]
[Board "8"]
[WhiteElo "2121"]
[BlackElo "2062"]
[PlyCount "88"]
[WhiteFideId "4698070"]
[BlackFideId "24620068"]
[EventCountry "GER"]
[EventRounds "9"]
[EventType "swiss"]
[EventDate "2005.05.15"]

1. e4 d5 2. exd5 Qxd5 3. Nc3 Qa5 4. d4 Nf6 5. Bc4 Bg4 6. f3 Bf5 7. Bd2 Qb6 8.
Nge2 e6 9. Bb3 Nc6 10. Be3 O-O-O 11. Qd2 Qa6 12. O-O-O Na5 13. g4 Nxb3+ 14.
axb3 Bb4 15. Kb1 Bg6 16. h4 h6 17. Nf4 Bh7 18. Nd3 Nd5 19. Bf2 Qa5 20. Nxb4
Nxb4 21. Rc1 Rd6 22. Na4 Rhd8 23. Rhd1 b5 24. Be1 bxa4 25. Qxb4 Qxb4 26. Bxb4
axb3 27. Bxd6 Rxd6 28. Rd2 Ra6 29. Re2 bxc2+ 30. Rcxc2 Rc6 31. Kc1 Rxc2+ 32.
Rxc2 Bxc2 33. Kxc2 Kd7 34. Kd3 Kd6 35. Kc4 e5 36. d5 a5 37. b3 c6 38. dxc6 Kxc6
39. Kd3 Kd5 40. Ke3 g6 41. g5 hxg5 42. hxg5 Ke6 43. Kd3 f6 44. gxf6 Kxf6 0-1